000 00735nam a2200289Ia 4500
005 20260324141539.0
008 008 260324s9999 xx 000 0 eng d
020 _a9781003100805
037 _aEBOOK
040 _aCRL
040 _beng
040 _cCRL
041 _2eng
041 _aeng
084 _qCRL
100 _aJ. H. Muirhead; Helen Bosanquet
_91208595
245 4 _aThe Philosophy of the State and the Practice of Welfare
245 4 _bThe Writings of Bernard and Helen Bosanquet
260 _bTaylor and Francis
260 _c1997
365 _a
365 _b345
856 _uhttp://www.taylorfrancis.com/books/9781003100805
942 _cEBOOK
999 _c1811812
_d1811812